[Event "GER-chT U20"]
[Site "Willingen"]
[Date "2021.06.26"]
[Round "6"]
[White "Tiedemann, Fin Niklas"]
[Black "McPherson, Elisha"]
[Result "0-1"]
[WhiteElo "1945"]
[BlackElo "1967"]
[PlyCount "70"]
[EventDate "2021.06.24"]
[EventType "team-swiss"]
[EventRounds "7"]
[EventCountry "GER"]
[SourceTitle "CBM 203 Extra"]
[Source "ChessBase"]
[SourceDate "2021.09.30"]
[SourceVersion "1"]
[SourceVersionDate "2021.09.30"]
[SourceQuality "1"]
[WhiteTeam "Luebeck"]
[BlackTeam "Augsburg"]
[WhiteTeamCountry "GER"]
[BlackTeamCountry "GER"]

1. e4 e5 2. Nc3 Nf6 3. f4 d5 4. fxe5 Nxe4 5. Nf3 Bg4 6. Bd3 Nxc3 7. dxc3 Nc6 8. Bf4 d4 9. cxd4 Nxd4 10. c3 Nxf3+ 11. gxf3 Be6 12. Qe2 Qh4+ 13. Bg3 Qh6 14. Bf2 Be7 15. Kd1 0-0-0 16. Kc2 Rxd3 17. Qxd3 Rd8 18. Be3 Bg5 19. Bd4 c5 20. b3 cxd4 21. Rad1 dxc3 22. Qxc3+ Kb8 23. Rxd8+ Bxd8 24. Qd4 Qg6+ 25. Kc1 Be7 26. Qa4 f6 27. exf6 Qxf6 28. Re1 Qc3+ 29. Kd1 Qxf3+ 30. Re2 Qf1+ 31. Re1 Qd3+ 32. Kc1 Bg5+ 33. Kb2 Qd2+ 34. Ka3 Be7+ 35. b4 Qxa2# 0-1

[Event "GER-chT U20"]
[Site "Willingen"]
[Date "2021.06.25"]
[Round "3"]
[White "Tiedemann, Fin Niklas"]
[Black "Dornieden, Jonas"]
[Result "0-1"]
[WhiteElo "1945"]
[BlackElo "2079"]
[PlyCount "50"]
[EventDate "2021.06.24"]
[EventType "team-swiss"]
[EventRounds "7"]
[EventCountry "GER"]
[SourceTitle "CBM 203 Extra"]
[Source "ChessBase"]
[SourceDate "2021.09.30"]
[SourceVersion "1"]
[SourceVersionDate "2021.09.30"]
[SourceQuality "1"]
[WhiteTeam "Luebeck"]
[BlackTeam "Lehrte"]
[WhiteTeamCountry "GER"]
[BlackTeamCountry "GER"]

1. e4 c6 2. d4 d5 3. f3 dxe4 4. fxe4 e5 5. Nf3 Bg4 6. c3 Nd7 7. Bc4 Ngf6 8. 0-0 Bd6 9. Qb3 0-0 10. Qxb7 exd4 11. Qxc6 Ne5 12. Nxe5 Bxe5 13. Bg5 Rc8 14. Bxf6 gxf6 15. Qa6 Kh8 16. Bd5 f5 17. Qh6 fxe4 18. Bxe4 f5 19. Bf3 Rf6 20. Qg5 Qb6 21. Kh1 Rg8 22. Qd2 Rh6 23. cxd4 Bxh2 24. g3 Bxf3+ 25. Rxf3 Bxg3+ 0-1

[Event "GER-chT U20"]
[Site "Braunschweig"]
[Date "2019.12.29"]
[Round "5.2"]
[White "Tiedemann, Fin Niklas"]
[Black "Engel, Robert"]
[Result "1/2-1/2"]
[WhiteElo "1936"]
[BlackElo "2075"]
[PlyCount "83"]
[EventDate "2019.12.27"]
[EventType "team-swiss"]
[EventRounds "7"]
[EventCountry "GER"]
[SourceTitle "CBM 194 Extra"]
[Source "ChessBase"]
[SourceDate "2020.03.31"]
[SourceVersion "1"]
[SourceVersionDate "2020.03.31"]
[SourceQuality "1"]
[WhiteTeam "Luebeck"]
[BlackTeam "Hamburger SK"]
[WhiteTeamCountry "GER"]
[BlackTeamCountry "GER"]

1. e4 c5 2. Nc3 Nc6 3. g3 g6 4. Bg2 Bg7 5. d3 e6 6. Be3 d6 7. Qd2 Nd4 8. Nd1 Rb8 9. c3 Nc6 10. Ne2 b5 11. d4 cxd4 12. cxd4 Qa5 13. d5 Qxd2+ 14. Kxd2 exd5 15. exd5 Ne5 16. Bxa7 Nc4+ 17. Kc1 Rb7 18. Bd4 Nf6 19. b3 Na3 20. Ne3 0-0 21. Kd2 b4 22. Nc4 Nxc4+ 23. bxc4 Bf5 24. f3 Rc8 25. g4 Bd7 26. g5 Nh5 27. Rhc1 b3 28. Bxg7 b2 29. Bxb2 Rxb2+ 30. Rc2 Rxc2+ 31. Kxc2 Rxc4+ 32. Kb3 Rh4 33. h3 Bb5 34. Nc3 Bc4+ 35. Kc2 Nf4 36. Bf1 Nxd5 37. Nxd5 Bxd5 38. Bg2 Rh5 39. a4 Rxg5 40. Bh1 Bc4 41. Kc3 Ba6 42. Kb4 1/2-1/2

[Event "GER-chT U20"]
[Site "Braunschweig"]
[Date "2019.12.28"]
[Round "4.4"]
[White "Duero, Liam"]
[Black "Tiedemann, Fin Niklas"]
[Result "1/2-1/2"]
[WhiteElo "1841"]
[BlackElo "1936"]
[PlyCount "59"]
[EventDate "2019.12.27"]
[EventType "team-swiss"]
[EventRounds "7"]
[EventCountry "GER"]
[SourceTitle "CBM 194 Extra"]
[Source "ChessBase"]
[SourceDate "2020.03.31"]
[SourceVersion "1"]
[SourceVersionDate "2020.03.31"]
[SourceQuality "1"]
[WhiteTeam "Trier SG"]
[BlackTeam "Luebeck"]
[WhiteTeamCountry "GER"]
[BlackTeamCountry "GER"]

1. d4 Nf6 2. Nf3 g6 3. c4 Bg7 4. Nc3 0-0 5. e4 d6 6. Be2 Nbd7 7. 0-0 e5 8. dxe5 dxe5 9. b4 c6 10. Bb2 Qc7 11. Qc2 Re8 12. Rfd1 Nf8 13. h3 Nh5 14. c5 Nf4 15. Bc4 Be6 16. Ne2 Nxe2+ 17. Qxe2 Bxc4 18. Qxc4 Rad8 19. Qb3 Ne6 20. Nd2 Nd4 21. Bxd4 exd4 22. Qd3 Qf4 23. Re1 Be5 24. g3 Qh6 25. f4 Bc7 26. Kh2 g5 27. fxg5 Qxg5 28. Rf1 Re6 29. Qf3 Rd7 30. Qg4 1/2-1/2

[Event "JBLN West 1819"]
[Site "Germany"]
[Date "2019.01.27"]
[Round "4.5"]
[White "Engel, Robert"]
[Black "Tiedemann, Fin Niklas"]
[Result "1-0"]
[WhiteElo "2074"]
[BlackElo "1949"]
[PlyCount "65"]
[EventDate "2018.09.23"]
[EventType "team-tourn"]
[EventRounds "9"]
[EventCountry "GER"]
[SourceTitle "EXT 2020"]
[Source "ChessBase"]
[SourceDate "2019.10.17"]
[SourceVersion "1"]
[SourceVersionDate "2019.10.17"]
[SourceQuality "1"]
[WhiteTeam "Hamburger SK U20"]
[BlackTeam "Luebeck SV U20"]
[WhiteTeamCountry "GER"]
[BlackTeamCountry "GER"]

1. e4 e5 2. Nf3 Nc6 3. Nc3 Nf6 4. Be2 d5 5. exd5 Nxd5 6. 0-0 Be7 7. Bb5 Nxc3 8. bxc3 f6 9. Qe2 Bd7 10. d4 exd4 11. Re1 Kf8 12. cxd4 a6 13. Bxc6 Bxc6 14. c4 Bb4 15. d5 Bd7 16. Rd1 Kf7 17. Rb1 Re8 18. Qd3 Qe7 19. a3 Bc5 20. Bf4 b5 21. Re1 Qf8 22. Bxc7 bxc4 23. Qxc4 Bb5 24. Qf4 Kg8 25. Nd4 Bxd4 26. Qxd4 Qxa3 27. d6 Bd7 28. h3 Kf8 29. Re7 Qa4 30. Qd5 Rxe7 31. dxe7+ Kxe7 32. Re1+ Kf8 33. Bd6# 1-0

[Event "GER-chT U20"]
[Site "Borken"]
[Date "2016.12.29"]
[Round "5.4"]
[White "Muetsch, Annmarie"]
[Black "Tiedemann, Fin Niklas"]
[Result "0-1"]
[WhiteElo "2129"]
[BlackElo "1831"]
[PlyCount "102"]
[EventDate "2016.12.27"]
[EventType "team-swiss"]
[EventRounds "7"]
[EventCountry "GER"]
[SourceTitle "EXT 2018"]
[Source "ChessBase"]
[SourceDate "2017.10.13"]
[SourceVersion "1"]
[SourceVersionDate "2017.10.13"]
[SourceQuality "1"]
[WhiteTeam "Eppingen"]
[BlackTeam "Luebeck"]
[WhiteTeamCountry "GER"]
[BlackTeamCountry "GER"]

1. e4 e5 2. Nf3 Nc6 3. Bc4 Nf6 4. d3 Be7 5. c3 0-0 6. 0-0 d5 7. exd5 Nxd5 8. Re1 Bg4 9. h3 Bh5 10. Bb3 Nb6 11. Bc2 Bd6 12. Nbd2 f5 13. Nf1 h6 14. Ng3 Bg6 15. b4 a6 16. a3 Qf6 17. Bb2 Nd7 18. c4 Rfe8 19. Ba4 Rad8 20. Bxc6 bxc6 21. c5 Bf8 22. Bc3 Bf7 23. Nf1 g5 24. Qc2 Bd5 25. N1d2 Bg7 26. Re2 Re7 27. Rae1 Rde8 28. Qb2 h5 29. Nc4 Bxc4 30. dxc4 g4 31. Nh2 gxh3 32. Re3 hxg2 33. Rh3 Qf7 34. Qe2 Nf6 35. Kxg2 Ne4 36. Ba1 Nf6 37. Kh1 Ng4 38. f3 Nf6 39. Nf1 e4 40. f4 Ng4 41. Bxg7 Kxg7 42. Qb2+ Qf6 43. Qg2 Rh8 44. Rd1 Kf7 45. Re1 Rd7 46. Ng3 Rd3 47. Re2 Qa1+ 48. Nf1 Rd1 49. Kg1 Rhd8 50. Rf2 Nxf2 51. Kxf2 R8d2+ 0-1

[Event "Bargteheide op"]
[Site "Bargteheide"]
[Date "2016.05.08"]
[Round "7"]
[White "Grigorian, Spartak"]
[Black "Tiedemann, Fin Niklas"]
[Result "1-0"]
[WhiteElo "2304"]
[BlackElo "1780"]
[PlyCount "115"]
[EventDate "2016.05.05"]
[EventType "swiss"]
[EventRounds "7"]
[EventCountry "GER"]
[SourceTitle "CBM 172 Extra"]
[Source "ChessBase"]
[SourceDate "2016.06.21"]
[SourceVersion "1"]
[SourceVersionDate "2016.06.21"]
[SourceQuality "1"]

1. d4 Nf6 2. c4 g6 3. Nc3 Bg7 4. e4 d6 5. Be2 0-0 6. Be3 Nbd7 7. g4 e5 8. d5 Nc5 9. f3 a5 10. h4 b6 11. h5 Qe7 12. Nh3 Bd7 13. Nf2 Ne8 14. Rg1 g5 15. Qd2 h6 16. Nh1 Nf6 17. Ng3 Nh7 18. Kf2 Rfb8 19. b3 f6 20. Rgb1 Qe8 21. Bd1 Ra7 22. a3 Rba8 23. Bc2 Kf7 24. Qd1 Bf8 25. Kg2 Kg8 26. Nf5 Kf7 27. Rb2 Kg8 28. Rba2 Kf7 29. Ng3 Kg8 30. Qb1 Kf7 31. b4 Nb7 32. Nge2 Rb8 33. Nc1 Kg8 34. Nd3 Kf7 35. Qd1 Be7 36. Rb2 Rba8 37. Rab1 Qf8 38. Kg3 Kg8 39. Ne2 Kf7 40. Nec1 Kg8 41. Nb3 Rb8 42. c5 dxc5 43. bxc5 a4 44. cxb6 cxb6 45. Bxb6 Raa8 46. Nd2 Bxa3 47. Ra2 Bc5 48. Bc7 Re8 49. Rxb7 Bc8 50. Rb1 Be3 51. Nc4 Bf4+ 52. Kg2 Ba6 53. Rxa4 Rec8 54. d6 Kg7 55. Nb6 Bxd3 56. Qxd3 Rxa4 57. Bxa4 Qg8 58. Bb3 1-0

[Event "GER-chT U16"]
[Site "Magdeburg"]
[Date "2014.12.27"]
[Round "2.4"]
[White "Rieper, Julian"]
[Black "Tiedemann, Fin Niklas"]
[Result "1-0"]
[WhiteElo "1786"]
[BlackElo "1820"]
[PlyCount "109"]
[EventDate "2014.12.27"]
[EventType "team-swiss"]
[EventRounds "7"]
[EventCountry "GER"]
[SourceTitle "EXT 2016"]
[Source "ChessBase"]
[SourceDate "2015.10.08"]
[SourceVersion "1"]
[SourceVersionDate "2015.10.08"]
[SourceQuality "1"]
[WhiteTeam "Kiel Doppelbauer"]
[BlackTeam "Luebeck"]
[WhiteTeamCountry "GER"]
[BlackTeamCountry "GER"]

1. e4 e5 2. Nf3 Nc6 3. Bc4 Nf6 4. Ng5 d5 5. exd5 Na5 6. Bb5+ c6 7. dxc6 bxc6 8. Be2 h6 9. Nf3 e4 10. Ne5 Qd4 11. f4 Bc5 12. Rf1 Be7 13. c3 Qd6 14. Qa4 Nb7 15. Qxc6+ Qxc6 16. Nxc6 Bd6 17. b3 0-0 18. Na3 Re8 19. Nc4 Bf8 20. Bb2 Nc5 21. 0-0-0 e3 22. Nxe3 Bb7 23. Bf3 Rec8 24. Ne5 Bxf3 25. Rxf3 a5 26. N3c4 Ra6 27. g4 Nd5 28. f5 a4 29. b4 Ne4 30. Re1 Nef6 31. a3 Nxg4 32. Rg1 Ngf6 33. Kb1 Nh7 34. Ne3 Ndf6 35. d3 Ng5 36. Rfg3 Bd6 37. c4 Nh5 38. R3g2 f6 39. N5g4 Nf4 40. h4 Nxg2 41. Rxg2 Nh7 42. Nxh6+ Kf8 43. Nhg4 Re8 44. c5 Bf4 45. Nd5 Bb8 46. Nge3 Rc6 47. Rg4 Kf7 48. d4 Rcc8 49. Kc2 Nf8 50. Kd3 Nd7 51. Nc4 Re1 52. Ncb6 Nxb6 53. Nxb6 Rce8 54. Nxa4 R8e3+ 55. Kc4 1-0

[Event "GER-ch U14"]
[Site "Magdeburg"]
[Date "2014.06.13"]
[Round "8"]
[White "Gressmann, Moritz"]
[Black "Tiedemann, Fin Niklas"]
[Result "1-0"]
[WhiteElo "2027"]
[BlackElo "1697"]
[PlyCount "131"]
[EventDate "2014.06.08"]
[EventType "swiss"]
[EventRounds "9"]
[EventCountry "GER"]
[SourceTitle "CBM 160 Extra"]
[Source "ChessBase"]
[SourceDate "2014.07.01"]
[SourceVersion "1"]
[SourceVersionDate "2014.07.01"]
[SourceQuality "1"]

1. e4 e5 2. Nf3 Nc6 3. Bc4 Nf6 4. d3 Be7 5. 0-0 0-0 6. c3 d6 7. Nbd2 Na5 8. Bb5 a6 9. Ba4 b5 10. Bc2 c5 11. Re1 Qc7 12. Nf1 Re8 13. Bg5 Nc6 14. Ne3 Be6 15. Bb3 Nd8 16. Bxf6 Bxf6 17. Bd5 Rc8 18. a4 Bd7 19. axb5 axb5 20. Ra6 Be7 21. Qa1 Nc6 22. Qa2 Rf8 23. Ra1 Qd8 24. Bxc6 Bxc6 25. Nd5 Bf6 26. Ra7 h5 27. Nd2 Bg5 28. Nf1 h4 29. h3 Ra8 30. Nfe3 Bxe3 31. Nxe3 g6 32. Nd5 Rxa7 33. Qxa7 Bxd5 34. exd5 Qg5 35. Qb6 Qd2 36. Qxb5 Kg7 37. Qb6 Ra8 38. Rf1 Qxd3 39. Qxd6 Qf5 40. Qxc5 Rd8 41. d6 Qe6 42. Rd1 f5 43. d7 Rxd7 44. Rxd7+ Qxd7 45. Qxe5+ Kh7 46. b4 g5 47. b5 g4 48. b6 Kg6 49. hxg4 fxg4 50. Qe4+ Kg5 51. Qd4 Qb5 52. c4 Qb1+ 53. Kh2 Kf5 54. Qd5+ Kf4 55. Qf7+ Kg5 56. Qg7+ Kh5 57. Qe5+ Kh6 58. c5 Kg6 59. Qe6+ Kg5 60. Qd5+ Kf4 61. Qd4+ Kf5 62. c6 Qb3 63. Qd7+ Kf4 64. Qd6+ Kg5 65. c7 Qc3 66. b7 1-0

[Event "GER-ch U14"]
[Site "Magdeburg"]
[Date "2014.06.08"]
[Round "1"]
[White "Tiedemann, Fin Niklas"]
[Black "Poghosyan, Tigran"]
[Result "1-0"]
[WhiteElo "1697"]
[BlackElo "1978"]
[PlyCount "61"]
[EventDate "2014.06.08"]
[EventType "swiss"]
[EventRounds "9"]
[EventCountry "GER"]
[SourceTitle "CBM 160 Extra"]
[Source "ChessBase"]
[SourceDate "2014.07.01"]
[SourceVersion "1"]
[SourceVersionDate "2014.07.01"]
[SourceQuality "1"]

1. e4 e5 2. Nf3 Nc6 3. Bc4 Bc5 4. c3 Nf6 5. d4 exd4 6. cxd4 Bb4+ 7. Bd2 Bxd2+ 8. Nbxd2 0-0 9. e5 d5 10. Bd3 Qe7 11. Qb3 Rd8 12. 0-0 Nh5 13. Rfe1 Nf4 14. Bf1 Qe6 15. Rac1 Qg4 16. Kh1 Ne6 17. h3 Qh5 18. Qe3 Qf5 19. g3 g5 20. Kg2 Kh8 21. Kh2 Nb4 22. Qb3 Nxd4 23. Nxd4 Qxf2+ 24. Bg2 Qxd4 25. Nf3 Qb6 26. Nxg5 Qg6 27. Nxf7+ Qxf7 28. Qxb4 Rg8 29. Qb3 c6 30. Rf1 Qh5 31. Qe3 1-0

[Event "GER-chT U14"]
[Site "Magdeburg"]
[Date "2013.12.27"]
[Round "2.3"]
[White "Laubrock, Paul"]
[Black "Tiedemann, Fin Niklas"]
[Result "0-1"]
[WhiteElo "1747"]
[BlackElo "1500"]
[PlyCount "42"]
[EventDate "2013.12.27"]
[EventType "team-swiss"]
[EventRounds "4"]
[EventCountry "GER"]
[SourceTitle "EXT 2015"]
[Source "ChessBase"]
[SourceDate "2014.11.20"]
[SourceVersion "1"]
[SourceVersionDate "2014.11.20"]
[SourceQuality "1"]
[WhiteTeam "Hagen"]
[BlackTeam "Luebeck"]
[WhiteTeamCountry "GER"]
[BlackTeamCountry "GER"]

1. d4 Nf6 2. Nc3 d5 3. Bf4 e6 4. f3 Bb4 5. Qd2 c6 6. e3 Nbd7 7. Nge2 Nb6 8. Nc1 Na4 9. Nd3 Bxc3 10. bxc3 Nb6 11. Ne5 Nfd7 12. Nd3 Nc4 13. Qc1 0-0 14. Be2 f6 15. e4 e5 16. Bg3 Qa5 17. Nb4 exd4 18. exd5 cxd5 19. 0-0 dxc3 20. Bxc4 dxc4 21. Bd6 Qb6+ 0-1

[Event "GER-chT U12"]
[Site "Verden"]
[Date "2012.12.28"]
[Round "4.4"]
[White "Tiedemann, Fin Niklas"]
[Black "Meyling, Lennart"]
[Result "1-0"]
[WhiteElo "1471"]
[BlackElo "1555"]
[PlyCount "81"]
[EventDate "2012.12.27"]
[EventType "team-swiss"]
[EventRounds "7"]
[EventCountry "GER"]
[SourceTitle "EXT 2014"]
[Source "ChessBase"]
[SourceDate "2013.11.20"]
[SourceVersion "1"]
[SourceVersionDate "2013.11.20"]
[SourceQuality "1"]
[WhiteTeam "Luebeck"]
[BlackTeam "Hamburger SK"]
[WhiteTeamCountry "GER"]
[BlackTeamCountry "GER"]

1. e4 c5 2. Nf3 d6 3. Bb5+ Bd7 4. Bxd7+ Qxd7 5. 0-0 Nc6 6. c3 e6 7. d4 cxd4 8. cxd4 d5 9. exd5 exd5 10. Re1+ Nge7 11. Nc3 g6 12. Qb3 Rd8 13. Bf4 Bg7 14. Rad1 0-0 15. Nb5 Nf5 16. Ne5 Nxe5 17. Bxe5 a6 18. Bxg7 Kxg7 19. Na3 b5 20. Nc2 Qa7 21. Qd3 Nd6 22. b3 Ne8 23. Nb4 Qb7 24. Re3 Nf6 25. Rh3 Rfe8 26. Re3 a5 27. Nc2 b4 28. Rxe8 Rxe8 29. f3 Rc8 30. Ne3 Rc3 31. Qd2 Qc6 32. Re1 Nh5 33. Kf1 Nf4 34. Nf5+ gxf5 35. Qxf4 Qf6 36. Qg3+ Qg6 37. Qe5+ Kh6 38. Qf4+ Kh5 39. g4+ fxg4 40. Re5+ Kh4 41. Qg3# 1-0

[Event "GER-chT North U12"]
[Site "Magdeburg"]
[Date "2012.09.08"]
[Round "6.3"]
[White "Laubrock, Paul"]
[Black "Tiedemann, Fin Niklas"]
[Result "0-1"]
[WhiteElo "1632"]
[BlackElo "1555"]
[PlyCount "54"]
[EventDate "2012.09.06"]
[EventType "team-swiss"]
[EventRounds "7"]
[EventCountry "GER"]
[SourceTitle "EXT 2015"]
[Source "ChessBase"]
[SourceDate "2014.11.20"]
[SourceVersion "1"]
[SourceVersionDate "2014.11.20"]
[SourceQuality "1"]
[WhiteTeam "Hagen"]
[BlackTeam "Luebeck"]
[WhiteTeamCountry "GER"]
[BlackTeamCountry "GER"]

1. e4 e5 2. Nf3 Nc6 3. Bc4 Nf6 4. d3 Bc5 5. c3 0-0 6. 0-0 h6 7. h3 d6 8. Re1 Be6 9. Bb3 Bxb3 10. Qxb3 Bb6 11. Nbd2 Nh5 12. Nf1 Qf6 13. Be3 Nf4 14. Bxb6 axb6 15. Rad1 Nxh3+ 16. gxh3 Qxf3 17. Re3 Qh5 18. Rg3 Na5 19. Qc2 f5 20. Nh2 f4 21. Rg2 Qxh3 22. Kh1 Qe6 23. Rdg1 g5 24. Qe2 Kf7 25. Nf3 Ke7 26. Nh2 Rf7 27. Ng4 f3 0-1